00538cam a2200205ua 450000500170000000800390001704000180005604100080007408200130008210000270009524500530012225000120017526000340018730000100022165000220023165000220025365300190027565300220029470000160031620201201110037.0150623n ii |||gr||||Z||||||asm cMAINaIN-DiNC dasm a341bGOH aGohain, Nabin,eauthor1 aAntarjatik ayne/cby Nabin Gohain and Deepan Das a1st ed. aJorhat:bBidya Bhawan,c2010. a409p. aPolitical science aInternational law aLaw of nations aInternational law aDas, Dipen,